Sports Quiz

Random Sports or NFL Quiz

Super Bowl Smallest Margin Wins Quiz Stats

 Plays Quiz Updated Jan 19, 2019

Support Sporcle.
Go Orange.
Score 0/14 Timer 02:00
1 Play Today
SB Winning Team % Correct
XLIX - Feb 1, 2015New England Patriots
92.3%
XLII - Feb 3, 2008New York Giants
90.5%
XXXIX - Feb 6, 2005New England Patriots
89.6%
XLVII - Feb 3, 2013Baltimore Ravens
89.4%
XXXVIII - Feb 1, 2004New England Patriots
87.7%
XXXVI - Feb 3, 2002New England Patriots
86.9%
XLVI - Feb 5, 2012New York Giants
85.6%
SB Winning Team % Correct
XLIII - Feb 1, 2009Pittsburgh Steelers
85.4%
XXV - Jan 27, 1991New York Giants
81.1%
XXIII - Jan 22, 1989San Francisco 49ers
73.1%
XIII - Jan 21, 1979Pittsburgh Steelers
71.8%
X - Jan 18, 1976Pittsburgh Steelers
70%
XVI - Jan 24, 1982San Francisco 49ers
65.7%
V - Jan 17, 1971Baltimore Colts
57.4%

You're not logged in!

Compare scores with friends on all Sporcle quizzes.
OR
Log In

From the Vault

Summer Olympic Top 10 Blitz

by Hejman

You could probably build an entire economy with all this gold.
Remove Ads.
Support Sporcle.
Get the best of Sporcle when you Go Orange. This ad-free experience offers more features, more stats, and more fun while also helping to support Sporcle. Thank you for becoming a member.

Show Comments

Extras

Top Quizzes Today


Score Distribution

Your Account Isn't Verified!

In order to create a playlist on Sporcle, you need to verify the email address you used during registration. Go to your Sporcle Settings to finish the process.

Report this User

Report this user for behavior that violates our Community Guidelines.

Details: